000 00520nam a2200145Ia 4500
005 20260209120128.0
008 260209s9999||||xx |||||||||||||| ||und||
100 _aViraj Ravindra Patil
245 0 _aInventorship rights
260 _aBangaloreBangalore
_bNLSIU
_c2010
300 _a103 p. ; 25 cm.
650 _aPatent Protection Patent Rights Patent Rights - Employer - Employee
700 _aProf. (Dr.) T Ramakrishna - GuideProf. (Dr.) T Ramakrishna - Guide
856 _uhttps://dans.nls.ac.in/handle/123456789/1954
999 _c216945
_d216945